| 000 | 00689nam a2200193 i 4500 | ||
|---|---|---|---|
| 001 | 93726 | ||
| 003 | ES-MaACL | ||
| 005 | 20251206063031.0 | ||
| 007 | t| | ||
| 008 | 050418s1971 sp ||||1| spa d | ||
| 100 | 0 |
_aLópez Herrera, Salvador _973696 |
|
| 245 | 1 | 4 |
_aLas islas Canarias a través de la historia / _cSalvador López Herrera; prólogo de Manuel Ballesteros Gaibrois. |
| 260 |
_aMadrid : _bImp. Suc. Vda. Galo Sèz, _c1971. |
||
| 300 |
_aXIX, 201 p., 1 map. pleg., lám. I-XXXII ; _c22 cm. |
||
| 700 | 1 |
_aBallesteros Gaibrois, Manuel, _d1911-2002 _925056 |
|
| 852 |
_aES-MaACL _jC-38425 _bR.79621 |
||
| 852 |
_aES-MaACL _jC-45658 _bR.79292 |
||
| 999 |
_c93726 _d93726 |
||